Les anciens gardiens de but de l'ère QSI - Statistiques

Statistiques générales
  • Ce quiz a été pris 101 fois
  • Le résultat moyen est 8 sur 11
Statistiques - réponses
Période Matchs Nom Nationalité % Correct
2021-2025 161 Gianluigi Donnarumma Italie
100%
2019-2024 114 Keylor Navas Costa Rica
100%
2015-2019 91 Kevin Trapp Allemagne
99%
2013-2022 107 Alphonse Areola France
95%
2018-2019 25 Gianluigi Buffon Italie
93%
2011-2017 190 Salvatore Sirigu Italie
92%
2019-2024 33 Sergio Rico Espagne
73%
2023-2025 8 Arnau Tenas Espagne
72%
2020-2024 2 Alexandre Letellier France
54%
2011-2016 43 Nicolas Douchez France
46%
2012-2013 1 Ronan Le Crom France
21%
Aucun quiz correspondant
Distribution des résultats
% des personnes avec chaque résultat
Percentile par nombre de réponses
Votre historique - résultats
Vous n’avez pas pris ce quiz